[Event "Mittelfranken Landesliga Nord 2223"]
[Site "Mittelfranken"]
[Date "2022.11.27"]
[Round "3.6"]
[White "Luessmann, Thomas"]
[Black "Zauner, Josef"]
[Result "0-1"]
[WhiteElo "2044"]
[BlackElo "2081"]
[PlyCount "80"]
[EventDate "2022.10.09"]
[EventType "team-tourn"]
[EventRounds "9"]
[EventCountry "GER"]
[SourceTitle "EXT 2024"]
[Source "ChessBase"]
[SourceDate "2023.10.10"]
[SourceVersion "1"]
[SourceVersionDate "2023.10.10"]
[SourceQuality "1"]
[WhiteTeam "Erlangen II"]
[BlackTeam "Kareth Lappersdorf"]
[WhiteTeamCountry "GER"]
[BlackTeamCountry "GER"]

1. d4 d5 2. Bf4 Nf6 3. e3 e6 4. Nf3 Bd6 5. Bg3 b6 6. Nbd2 0-0 7. c3 c5 8. Bd3 Bb7 9. Ne5 Nc6 10. f4 Ne7 11. Qf3 Nf5 12. Bf2 Be7 13. g4 Nd6 14. g5 Nfe4 15. 0-0-0 c4 16. Bxe4 dxe4 17. Qh3 Bd5 18. Rhg1 b5 19. Rg4 Nf5 20. Rdg1 b4 21. Nb1 Rb8 22. Be1 a5 23. R1g3 a4 24. Rh4 Nxh4 25. Qxh4 a3 26. Rh3 h6 27. Ng4 axb2+ 28. Kc2 b3+ 29. axb3 cxb3+ 30. Kd1 Bxg5 31. fxg5 Qxg5 32. Qg3 Ra8 33. Rxh6 Ra1 34. Nf6+ gxf6 35. Qh3 Rxb1+ 36. Kd2 Rd1+ 37. Kxd1 b1Q+ 38. Ke2 Bc4+ 39. Kf2 Qc2+ 40. Bd2 Qxd2# 0-1

[Event "Mittelfranken Landesliga Nord 2122"]
[Site "Mittelfranken"]
[Date "2022.04.03"]
[Round "7.3"]
[White "Luessmann, Thomas"]
[Black "Krauss, Josef"]
[Result "1-0"]
[WhiteElo "2055"]
[BlackElo "2064"]
[PlyCount "111"]
[EventDate "2021.10.24"]
[EventType "team-tourn"]
[EventRounds "9"]
[EventCountry "GER"]
[SourceTitle "EXT 2024"]
[Source "ChessBase"]
[SourceDate "2023.10.10"]
[SourceVersion "1"]
[SourceVersionDate "2023.10.10"]
[SourceQuality "1"]
[WhiteTeam "Erlangen II"]
[BlackTeam "Schweinfurt"]
[WhiteTeamCountry "GER"]
[BlackTeamCountry "GER"]

1. d4 d5 2. Bf4 c5 3. e3 Nc6 4. c3 Qb6 5. b3 cxd4 6. exd4 Nf6 7. Bd3 Bg4 8. Nf3 e6 9. 0-0 Be7 10. h3 Bh5 11. Nbd2 0-0 12. b4 Rfc8 13. Qb3 a5 14. b5 a4 15. Qb2 a3 16. Qb1 Na5 17. Rc1 Bxf3 18. Nxf3 Nc4 19. Qb3 Ne4 20. Ne5 Na5 21. Qd1 f6 22. Nf3 Bd6 23. Bxd6 Qxd6 24. Qe1 Qf4 25. Rc2 Rc7 26. Rac1 Rac8 27. Bxe4 dxe4 28. Nd2 f5 29. c4 Rd7 30. Nxe4 Qxe4 31. Qxa5 Rxd4 32. Qxa3 Rcd8 33. Qe3 Kf7 34. a4 Rd1+ 35. Kh2 Qxe3 36. fxe3 Rxc1 37. Rxc1 Ra8 38. Ra1 Rc8 39. a5 Rxc4 40. a6 bxa6 41. bxa6 Rc8 42. a7 Ra8 43. Kg3 g5 44. Kf3 Kf6 45. Ke2 h5 46. Kd3 h4 47. Ra5 g4 48. Kc4 e5 49. Ra6+ Kg5 50. Kd3 Rd8+ 51. Ke2 Ra8 52. Kf2 Kh5 53. e4 Kg5 54. exf5 gxh3 55. gxh3 Kxf5 56. Ke3 1-0

[Event "FRA-ch blitz"]
[Site "Le Blanc Mesnil"]
[Date "2019.06.01"]
[Round "2"]
[White "Moussard, Jules"]
[Black "Luessmann, Thomas"]
[Result "1-0"]
[WhiteElo "2576"]
[BlackElo "2103"]
[PlyCount "53"]
[EventDate "2019.06.01"]
[EventType "swiss (blitz)"]
[EventRounds "23"]
[EventCountry "FRA"]
[SourceTitle "CBM 190 Extra"]
[Source "ChessBase"]
[SourceDate "2019.07.15"]
[SourceVersion "1"]
[SourceVersionDate "2019.07.15"]
[SourceQuality "1"]

1. Nf3 d5 2. g3 Nf6 3. Bg2 Bf5 4. 0-0 e6 5. c4 c6 6. cxd5 exd5 7. d3 Be7 8. Nc3 h6 9. e4 Bh7 10. Qb3 Qb6 11. exd5 Qxb3 12. axb3 cxd5 13. Nb5 Bxd3 14. Nc7+ Kd7 15. Nxa8 Bxf1 16. Bxf1 Nc6 17. Bh3+ Kd6 18. Bf4+ Kc5 19. Rc1+ Kb4 20. Nc7 Kxb3 21. Bf5 a6 22. Nxa6 bxa6 23. Rxc6 Rd8 24. Nd4+ Kxb2 25. Bc1+ Ka2 26. Rxa6+ Ba3 27. Rxa3# 1-0

[Event "Regionalliga Nord-Ost 1819"]
[Site "Bayern"]
[Date "2019.02.03"]
[Round "6.3"]
[White "Sippl, Martin"]
[Black "Luessmann, Thomas"]
[Result "0-1"]
[WhiteElo "1926"]
[BlackElo "2095"]
[PlyCount "126"]
[EventDate "2018.10.21"]
[EventType "team-tourn"]
[EventRounds "9"]
[EventCountry "GER"]
[SourceTitle "EXT 2022"]
[Source "ChessBase"]
[SourceDate "2021.10.06"]
[SourceVersion "1"]
[SourceVersionDate "2021.10.06"]
[SourceQuality "1"]
[WhiteTeam "Postbauer Heng"]
[BlackTeam "Erlangen SC II"]
[WhiteTeamCountry "GER"]
[BlackTeamCountry "GER"]

1. e4 e6 2. Nf3 d5 3. Nc3 dxe4 4. Nxe4 Nd7 5. d4 Ngf6 6. Ng3 c5 7. c3 cxd4 8. cxd4 Bb4+ 9. Bd2 Bxd2+ 10. Qxd2 0-0 11. Bd3 b6 12. 0-0 Bb7 13. Qf4 Nd5 14. Qd2 Rc8 15. Rad1 Qc7 16. Nh5 N7f6 17. Nxf6+ Nxf6 18. Ne5 Qd6 19. Qg5 Be4 20. Rfe1 Bxd3 21. Rxd3 h6 22. Qh4 Qb4 23. Rf1 Qxb2 24. Rf3 Rc1 25. g4 Rxf1+ 26. Kxf1 Ne4 27. Kg2 Qxd4 28. Nc6 Qd7 29. Ne7+ Kh7 30. g5 Nxg5 31. Qxg5 Qb7 32. Qh4 f6 33. Qb4 Rf7 34. Qb1+ f5 35. Ng6 Kxg6 36. Qb3 Rf6 37. Kg1 Kh7 38. Rg3 e5 39. h4 Qe4 40. h5 Qe1+ 41. Kg2 f4 42. Qc2+ e4 43. Rg4 Rf5 44. f3 exf3+ 45. Kxf3 Qe3+ 46. Kg2 f3+ 47. Kf1 Qe5 48. Re4 Qg3 49. Rh4 Qg5 50. Rh2 Kg8 51. Qc4+ Rf7 52. a4 Qe5 53. Rd2 Qxh5 54. Rd8+ Kh7 55. Qc8 Qh1+ 56. Kf2 Qg2+ 57. Ke3 Qe2+ 58. Kd4 Qd2+ 59. Ke5 Qf4+ 60. Kd5 Rf5+ 61. Ke6 Qe5+ 62. Kd7 Rf7+ 63. Kc6 Qc5# 0-1

[Event "Riga Tech op 8th"]
[Site "Riga"]
[Date "2018.08.08"]
[Round "4"]
[White "Quillan, Gary"]
[Black "Luessmann, Thomas"]
[Result "1-0"]
[WhiteElo "2349"]
[BlackElo "2061"]
[PlyCount "161"]
[EventDate "2018.08.06"]
[EventType "swiss"]
[EventRounds "9"]
[EventCountry "LAT"]
[SourceTitle "CBM 185 Extra"]
[Source "ChessBase"]
[SourceDate "2018.07.29"]
[SourceVersion "1"]
[SourceVersionDate "2018.07.29"]
[SourceQuality "1"]

1. e4 e6 2. d4 d5 3. e5 c5 4. Nf3 Bd7 5. dxc5 Bxc5 6. Bd3 Nc6 7. 0-0 Qc7 8. Bf4 Nge7 9. Nc3 a6 10. Bg3 Rc8 11. a3 Nd4 12. Re1 Ndf5 13. Bxf5 Nxf5 14. Qd2 0-0 15. Ne2 Bb5 16. Nf4 Be7 17. a4 Bd7 18. Nxd5 exd5 19. e6 Nxg3 20. exd7 Qxd7 21. hxg3 Bf6 22. c3 g6 23. Re3 Rfd8 24. Rd3 Rc4 25. b3 Rc5 26. Rd1 b5 27. axb5 axb5 28. Nd4 Rdc8 29. Ne2 Qc6 30. Rxd5 Bxc3 31. Rd8+ Kg7 32. Nxc3 Rxd8 33. Qxd8 Rxc3 34. Rd6 Rc1+ 35. Kh2 Qc3 36. Qg5 Qa1 37. g4 b4 38. Qe3 Rh1+ 39. Kg3 Rd1 40. Rxd1 Qxd1 41. Qe5+ Kg8 42. Qb8+ Kg7 43. Qxb4 h5 44. Qc3+ Kh7 45. gxh5 Qd6+ 46. Kh3 gxh5 47. Qf3 Qe6+ 48. Kh2 Kg6 49. Qd3+ Kg7 50. Qd4+ Kg6 51. b4 f5 52. Qf4 Qb6 53. Qg3+ Kf6 54. Qc3+ Kg6 55. Qg3+ Kf6 56. Qf4 Kg6 57. Kg3 Qc6 58. Qd4 Qc7+ 59. Kh3 Qc6 60. Qf4 Qb6 61. Qg3+ Kf6 62. Qh4+ Kg6 63. f4 Qxb4 64. Qg5+ Kf7 65. Qxh5+ Ke7 66. Qg5+ Kd6 67. Qf6+ Kc7 68. Qxf5 Qb3+ 69. g3 Qf3 70. Kh4 Kd8 71. g4 Ke7 72. Kg5 Qg3 73. Qf6+ Ke8 74. f5 Qh3 75. Qg7 Qf3 76. Qg8+ Ke7 77. Qe6+ Kf8 78. Qe5 Qf2 79. Kg6 Qc2 80. g5 Qd3 81. Qe6 1-0

[Event "Nuremberg Zabo op 19th"]
[Site "Nuremberg"]
[Date "2017.09.16"]
[Round "2"]
[White "Dettmer, Niels"]
[Black "Luessmann, Thomas"]
[Result "0-1"]
[WhiteElo "1792"]
[BlackElo "2010"]
[PlyCount "92"]
[EventDate "2017.09.15"]
[EventType "swiss"]
[EventRounds "5"]
[EventCountry "GER"]
[SourceTitle "EXT 2022"]
[Source "ChessBase"]
[SourceDate "2021.10.06"]
[SourceVersion "1"]
[SourceVersionDate "2021.10.06"]
[SourceQuality "1"]

1. d4 d5 2. Bf4 Bf5 3. e3 e6 4. Nf3 Nf6 5. Nbd2 Be7 6. c3 Nbd7 7. Ne5 Nxe5 8. dxe5 Nd7 9. g4 Bg6 10. Nb3 c6 11. Bg3 h5 12. gxh5 Bxh5 13. Be2 Bxe2 14. Qxe2 Qc7 15. f4 g6 16. 0-0-0 0-0-0 17. h4 Rh5 18. Rh2 Rdh8 19. Rdh1 Kb8 20. Kb1 Qd8 21. Qe1 Nb6 22. Nd4 Nc4 23. b3 Qb6 24. Ka1 Na5 25. Nf3 Qa6 26. Qd1 b6 27. Ng5 Bxg5 28. hxg5 Rxh2 29. Rxh2 Rxh2 30. Bxh2 Nb7 31. Kb1 Nc5 32. Bg3 Ne4 33. Be1 Qf1 34. Kc2 Kb7 35. Bd2 Qg2 36. Qe1 c5 37. c4 Kc6 38. a4 a6 39. Kd3 b5 40. cxb5+ axb5 41. a5 c4+ 42. Kc2 c3 43. b4 cxd2 44. Qd1 Qg3 45. Kb2 Qxe3 46. Qc2+ Qc3+ 0-1

[Event "Nuremberg Zabo op 19th"]
[Site "Nuremberg"]
[Date "2017.09.16"]
[Round "3"]
[White "Luessmann, Thomas"]
[Black "Schnepp, Gunnar"]
[Result "1-0"]
[WhiteElo "2010"]
[BlackElo "2330"]
[PlyCount "101"]
[EventDate "2017.09.15"]
[EventType "swiss"]
[EventRounds "5"]
[EventCountry "GER"]
[SourceTitle "EXT 2022"]
[Source "ChessBase"]
[SourceDate "2021.10.06"]
[SourceVersion "1"]
[SourceVersionDate "2021.10.06"]
[SourceQuality "1"]

1. d4 Nf6 2. Nf3 g6 3. Bf4 Bg7 4. e3 0-0 5. Be2 d6 6. h3 c5 7. c3 Nc6 8. 0-0 Nd5 9. Bh2 cxd4 10. exd4 e5 11. Na3 Nf4 12. Bb5 Qc7 13. Re1 a6 14. Bf1 b5 15. d5 Ne7 16. Bxf4 exf4 17. Qd2 Rb8 18. Rad1 Bb7 19. c4 bxc4 20. Bxc4 h6 21. h4 Bf6 22. b3 g5 23. Nb1 Ng6 24. Nc3 Ne5 25. Nxe5 Bxe5 26. Ne4 f5 27. Nxg5 Qg7 28. Ne6 Qg4 29. f3 Qxh4 30. Nxf8 Rxf8 31. Qf2 Qf6 32. Qb6 Ba8 33. Qxa6 Kh8 34. Re2 Rg8 35. Rc2 Qg7 36. Bf1 Qg3 37. Qe2 Qg7 38. b4 Bf6 39. b5 Qf7 40. Qd2 Qa7+ 41. Qf2 Qf7 42. b6 Bd8 43. Bb5 Kh7 44. Bc6 Bb7 45. a4 Ba6 46. a5 Qh5 47. Bd7 Bh4 48. Bxf5+ Qxf5 49. Rc7+ Kh8 50. Qxh4 Qg6 51. Rd2 1-0

[Event "GER-ch U25-A"]
[Site "Willingen"]
[Date "2017.06.10"]
[Round "9"]
[White "Garbuz, Vitaliy"]
[Black "Luessmann, Thomas"]
[Result "1/2-1/2"]
[WhiteElo "1853"]
[BlackElo "2003"]
[PlyCount "97"]
[EventDate "2017.06.04"]
[EventType "swiss"]
[EventRounds "9"]
[EventCountry "GER"]
[SourceTitle "CBM 178 Extra"]
[Source "ChessBase"]
[SourceDate "2017.06.22"]
[SourceVersion "1"]
[SourceVersionDate "2017.06.22"]
[SourceQuality "1"]

1. e4 e6 2. d4 d5 3. Nd2 dxe4 4. Nxe4 Nd7 5. Nf3 Ngf6 6. Nxf6+ Nxf6 7. c3 c5 8. Be3 Qc7 9. Ne5 a6 10. Qa4+ Nd7 11. Bb5 cxd4 12. Bxd7+ Bxd7 13. Qxd4 f6 14. Nxd7 Qxd7 15. 0-0-0 Qxd4 16. Bxd4 0-0-0 17. a4 Bd6 18. Kc2 Kc7 19. a5 Kc6 20. Rhe1 Rhe8 21. Bb6 Rc8 22. Re4 e5 23. b4 Kd7 24. c4 Ke6 25. Kb3 f5 26. Re2 e4 27. f3 Bxh2 28. fxe4 Kf7 29. g4 Bc7 30. Rd7+ Re7 31. Rxe7+ Kxe7 32. exf5+ Kf7 33. Bc5 Re8 34. Rd2 Rd8 35. Rxd8 Bxd8 36. Kc3 g6 37. fxg6+ Kxg6 38. Be3 Bg5 39. Bd4 Bf4 40. c5 Kg5 41. Kc4 Kxg4 42. b5 axb5+ 43. Kxb5 Bc7 44. a6 bxa6+ 45. Kxa6 h5 46. Kb7 Bg3 47. c6 h4 48. c7 Bxc7 49. Kxc7 1/2-1/2

[Event "GER-ch U25-A"]
[Site "Willingen"]
[Date "2017.06.07"]
[Round "6"]
[White "Gressmann, Hanna"]
[Black "Luessmann, Thomas"]
[Result "1-0"]
[WhiteElo "1841"]
[BlackElo "2003"]
[PlyCount "113"]
[EventDate "2017.06.04"]
[EventType "swiss"]
[EventRounds "9"]
[EventCountry "GER"]
[SourceTitle "CBM 178 Extra"]
[Source "ChessBase"]
[SourceDate "2017.06.22"]
[SourceVersion "1"]
[SourceVersionDate "2017.06.22"]
[SourceQuality "1"]

1. d4 d5 2. Nf3 Nf6 3. e3 Bf5 4. Bd3 Bxd3 5. Qxd3 c6 6. Nbd2 Nbd7 7. c3 e6 8. 0-0 Bd6 9. e4 dxe4 10. Nxe4 Nxe4 11. Qxe4 Qc7 12. Qg4 0-0-0 13. h3 Rdg8 14. Ng5 Nf6 15. Qf3 h6 16. Ne4 Nxe4 17. Qxe4 g5 18. f4 Qe7 19. f5 g4 20. f6 Qd8 21. hxg4 Rg6 22. c4 Rhg8 23. g5 hxg5 24. d5 exd5 25. cxd5 cxd5 26. Qf5+ Qd7 27. Be3 Qxf5 28. Rxf5 Kb8 29. Rd1 g4 30. Rdxd5 Bc7 31. Rd7 Rd8 32. Rxf7 g3 33. Kf1 Rg4 34. Rg7 Re4 35. Re7 Rh4 36. f7 Rhh8 37. Bc5 Bb6 38. Bxb6 axb6 39. Rfe5 Rdf8 40. Rd5 Ka7 41. Rdd7 Ka6 42. Rxb7 Rh4 43. Ke2 Rf4 44. Ke3 Rf1 45. Ra7+ Kb5 46. Re4 Kc5 47. Rf4 Rd1 48. b4+ Kc6 49. a4 Rd6 50. Rc4+ Kd5 51. Rd4+ Ke6 52. Rxd6+ Kxd6 53. Kf3 Kd5 54. Kxg3 Ke4 55. b5 Kd5 56. Kf4 Kd6 57. Kf5 1-0

[Event "GER-ch U25-A"]
[Site "Willingen"]
[Date "2017.06.06"]
[Round "5"]
[White "Luessmann, Thomas"]
[Black "Helmer, Jan"]
[Result "1-0"]
[WhiteElo "2003"]
[BlackElo "1809"]
[PlyCount "59"]
[EventDate "2017.06.04"]
[EventType "swiss"]
[EventRounds "9"]
[EventCountry "GER"]
[SourceTitle "CBM 178 Extra"]
[Source "ChessBase"]
[SourceDate "2017.06.22"]
[SourceVersion "1"]
[SourceVersionDate "2017.06.22"]
[SourceQuality "1"]

1. d4 e6 2. Bf4 f5 3. Nc3 Bb4 4. e4 Bxc3+ 5. bxc3 fxe4 6. Qg4 g6 7. Bg5 Nf6 8. Qh4 0-0 9. f3 e3 10. Bd3 c5 11. Ne2 cxd4 12. Nf4 d6 13. Bxg6 hxg6 14. Nxg6 Nbd7 15. Nxf8 Qxf8 16. cxd4 e5 17. 0-0 Qg7 18. dxe5 dxe5 19. Rfd1 Ne8 20. Bxe3 b6 21. Qc4+ Kh8 22. Qc6 Rb8 23. Bf2 Ndf6 24. Bg3 Bb7 25. Qe6 Rc8 26. Rac1 Nc7 27. Qh3+ Kg8 28. Bxe5 Ncd5 29. Rxd5 Qg5 30. Qe6+ 1-0

[Event "GER-ch U25-A"]
[Site "Willingen"]
[Date "2017.06.05"]
[Round "3"]
[White "Luessmann, Thomas"]
[Black "Brunner, Tobias"]
[Result "1-0"]
[WhiteElo "2003"]
[BlackElo "1880"]
[PlyCount "53"]
[EventDate "2017.06.04"]
[EventType "swiss"]
[EventRounds "9"]
[EventCountry "GER"]
[SourceTitle "CBM 178 Extra"]
[Source "ChessBase"]
[SourceDate "2017.06.22"]
[SourceVersion "1"]
[SourceVersionDate "2017.06.22"]
[SourceQuality "1"]

1. d4 f5 2. Nc3 Nf6 3. Bg5 e6 4. e4 fxe4 5. Nxe4 Be7 6. Bxf6 Bxf6 7. Nf3 0-0 8. Bd3 Nc6 9. c3 b6 10. h4 d5 11. Nxf6+ Qxf6 12. Qe2 a5 13. 0-0-0 Qf4+ 14. Kb1 e5 15. Bb5 Bf5+ 16. Ka1 Na7 17. Nxe5 Nxb5 18. Qxb5 Be6 19. Qc6 Rfe8 20. f3 a4 21. g3 Qe3 22. Rhe1 Qf2 23. a3 Rad8 24. Qxc7 Rc8 25. Qb7 Qc2 26. Rc1 Qb3 27. Nc6 1-0

[Event "Regionalliga NO 1617"]
[Site "Bayern"]
[Date "2017.04.02"]
[Round "8.8"]
[White "Bunk, Wolfgang"]
[Black "Luessmann, Thomas"]
[Result "1-0"]
[WhiteElo "1953"]
[BlackElo "1913"]
[PlyCount "91"]
[EventDate "2016.10.16"]
[EventType "team-tourn"]
[EventRounds "9"]
[EventCountry "GER"]
[SourceTitle "EXT 2019"]
[Source "ChessBase"]
[SourceDate "2018.10.10"]
[SourceVersion "1"]
[SourceVersionDate "2018.10.10"]
[SourceQuality "1"]
[WhiteTeam "Regensburg Bavaria"]
[BlackTeam "Erlangen SC II"]
[WhiteTeamCountry "GER"]
[BlackTeamCountry "GER"]

1. e4 e6 2. d3 d5 3. Nd2 dxe4 4. dxe4 Nf6 5. e5 Nd5 6. Nb3 Nd7 7. c4 Ne7 8. f4 b6 9. Nf3 Bb7 10. Bd3 a5 11. Be3 a4 12. Nbd4 Nc5 13. Be2 Ne4 14. 0-0 Nf5 15. Nxf5 exf5 16. Qc2 c5 17. Rad1 Qc8 18. Nd2 Be7 19. Bd3 Qc6 20. Nxe4 fxe4 21. Be2 0-0 22. Rd5 f5 23. Rfd1 Qe6 24. R1d2 Bc6 25. Qd1 Kh8 26. Qb1 Rg8 27. b4 cxb4 28. Rd6 Bxd6 29. Rxd6 Qe8 30. Qxb4 b5 31. cxb5 Rb8 32. b6 Bb7 33. Bc4 Rf8 34. Bc5 Qh5 35. e6 Qg4 36. Qd2 h5 37. Rd7 Kh7 38. e7 Rfe8 39. Bf7 Rec8 40. h3 e3 41. Bxe3 Qg3 42. Qf2 Qxf2+ 43. Bxf2 Bc6 44. Rd6 Be8 45. Be6 Rc6 46. Bxf5+ 1-0

[Event "Pyramiden Franken Cup"]
[Site "Fuerth"]
[Date "2016.09.04"]
[Round "7"]
[White "Luessmann, Thomas"]
[Black "Wagner, Florian"]
[Result "0-1"]
[WhiteElo "1955"]
[BlackElo "2126"]
[PlyCount "38"]
[EventDate "2016.09.01"]
[EventType "swiss"]
[EventRounds "7"]
[EventCountry "GER"]
[SourceTitle "CBM 174 Extra"]
[Source "ChessBase"]
[SourceDate "2016.10.10"]
[SourceVersion "1"]
[SourceVersionDate "2016.10.10"]
[SourceQuality "1"]

1. d4 Nf6 2. c4 e6 3. Nc3 d5 4. cxd5 exd5 5. Bg5 Bb4 6. Qb3 c5 7. dxc5 Nc6 8. 0-0-0 Be6 9. Bxf6 Qxf6 10. Nxd5 Qxf2 11. Nc7+ Ke7 12. Nxe6 fxe6 13. e3 Rad8 14. Bd3 Rd5 15. a3 Qxe3+ 16. Kb1 Rhd8 17. axb4 Rxd3 18. Rxd3 Rxd3 19. Qc4 Qe1+ 0-1

[Event "GER-ch U25-A"]
[Site "Willingen"]
[Date "2016.05.19"]
[Round "7"]
[White "Luessmann, Thomas"]
[Black "Diller, Daniel"]
[Result "0-1"]
[WhiteElo "1915"]
[BlackElo "1903"]
[PlyCount "98"]
[EventDate "2016.05.15"]
[EventType "swiss"]
[EventRounds "9"]
[EventCountry "GER"]
[SourceTitle "CBM 172 Extra"]
[Source "ChessBase"]
[SourceDate "2016.06.21"]
[SourceVersion "1"]
[SourceVersionDate "2016.06.21"]
[SourceQuality "1"]

1. d4 e6 2. c4 Nf6 3. Nf3 Bb4+ 4. Nbd2 d5 5. a3 Be7 6. Qc2 0-0 7. e3 Nbd7 8. Be2 a5 9. 0-0 c5 10. b3 b6 11. Bb2 Bb7 12. Rac1 Bd6 13. Ne5 Qe7 14. a4 Rac8 15. f4 cxd4 16. exd4 Ne4 17. Nxe4 dxe4 18. f5 exf5 19. Rxf5 Nxe5 20. dxe5 Bc5+ 21. Kh1 Rcd8 22. Rd1 Rxd1+ 23. Qxd1 Rd8 24. Qc1 e3 25. Bc3 Be4 26. Rf4 Qb7 27. Rg4 Bg6 28. Bf3 Qd7 29. h4 Qd3 30. e6 f6 31. Bd5 Rxd5 32. cxd5 e2 33. Be1 Be4 34. Kh2 Qxd5 35. Bg3 h5 36. e7 Bxe7 37. Qc7 hxg4 38. Qxe7 Kh7 39. Qe8 Bd3 40. Qc8 Bf5 41. Qe8 Be4 42. Qc8 Qd1 43. Qe8 Bg6 44. Qe3 f5 45. h5 Bxh5 46. Qg5 Bg6 47. Qh4+ Kg8 48. Qe7 f4 49. Be1 Qxe1 0-1

[Event "GER-ch U25-A"]
[Site "Willingen"]
[Date "2016.05.18"]
[Round "6"]
[White "Wensing, Maximilian"]
[Black "Luessmann, Thomas"]
[Result "0-1"]
[WhiteElo "1814"]
[BlackElo "1915"]
[PlyCount "86"]
[EventDate "2016.05.15"]
[EventType "swiss"]
[EventRounds "9"]
[EventCountry "GER"]
[SourceTitle "CBM 172 Extra"]
[Source "ChessBase"]
[SourceDate "2016.06.21"]
[SourceVersion "1"]
[SourceVersionDate "2016.06.21"]
[SourceQuality "1"]

1. e4 c6 2. d4 d5 3. e5 Bf5 4. Nf3 e6 5. Be2 Nd7 6. 0-0 h6 7. c4 Ne7 8. Nc3 g5 9. Ne1 dxc4 10. Bxc4 Nb6 11. Bb3 Ned5 12. Bc2 Nxc3 13. bxc3 Bxc2 14. Qxc2 c5 15. Be3 cxd4 16. cxd4 Rc8 17. Qb3 Qd5 18. Nf3 Be7 19. Rfc1 Kd7 20. Nd2 Rxc1+ 21. Rxc1 Rc8 22. Rxc8 Qxb3 23. Nxb3 Kxc8 24. Kf1 Nd5 25. Bd2 Kc7 26. Ke2 Kb6 27. Na5 Ka6 28. g3 Kb6 29. h3 Ka6 30. a4 Kb6 31. f4 gxf4 32. Nc4+ Kc6 33. gxf4 b5 34. axb5+ Kxb5 35. Kd3 h5 36. Nb2 a5 37. Nd1 Bb4 38. Bc1 a4 39. Ke4 a3 40. f5 a2 41. Bb2 Kc4 42. fxe6 fxe6 43. Kf3 Kd3 0-1

[Event "GER-ch U25-A"]
[Site "Willingen"]
[Date "2016.05.17"]
[Round "4"]
[White "Luessmann, Thomas"]
[Black "Syrov, Arkadi"]
[Result "1/2-1/2"]
[WhiteElo "1915"]
[BlackElo "2114"]
[PlyCount "47"]
[EventDate "2016.05.15"]
[EventType "swiss"]
[EventRounds "9"]
[EventCountry "GER"]
[SourceTitle "CBM 172 Extra"]
[Source "ChessBase"]
[SourceDate "2016.06.21"]
[SourceVersion "1"]
[SourceVersionDate "2016.06.21"]
[SourceQuality "1"]

1. d4 Nf6 2. c4 e6 3. Nf3 Bb4+ 4. Bd2 Qe7 5. g3 Nc6 6. Bg2 Bxd2+ 7. Nbxd2 d6 8. 0-0 0-0 9. e4 e5 10. d5 Nb8 11. b4 a5 12. a3 Na6 13. Qb3 c6 14. Ne1 cxd5 15. cxd5 axb4 16. axb4 Nc5 17. Qd1 Rxa1 18. Qxa1 Na6 19. Nd3 Bd7 20. Qa5 Qd8 21. Nc4 Qxa5 22. bxa5 Bb5 23. Rc1 Bxc4 24. Rxc4 1/2-1/2

[Event "GER-ch U25-A"]
[Site "Willingen"]
[Date "2016.05.15"]
[Round "1"]
[White "Luessmann, Thomas"]
[Black "Gallasch, Robin"]
[Result "1-0"]
[WhiteElo "1915"]
[BlackElo "1604"]
[PlyCount "51"]
[EventDate "2016.05.15"]
[EventType "swiss"]
[EventRounds "9"]
[EventCountry "GER"]
[SourceTitle "CBM 172 Extra"]
[Source "ChessBase"]
[SourceDate "2016.06.21"]
[SourceVersion "1"]
[SourceVersionDate "2016.06.21"]
[SourceQuality "1"]

1. d4 Nf6 2. c4 c5 3. e3 cxd4 4. exd4 d5 5. Nc3 g6 6. Bg5 Nbd7 7. Nf3 Bg7 8. cxd5 Nb6 9. Bb5+ Bd7 10. d6 exd6 11. Qe2+ Qe7 12. Bxd7+ Kxd7 13. Be3 a6 14. 0-0 Rhe8 15. Qd1 d5 16. Qb3 Qe6 17. Ng5 Qc6 18. Rac1 Nc4 19. Nxd5 b5 20. Nb4 Qc7 21. Nd3 Nd5 22. Nxf7 Ndxe3 23. fxe3 Rxe3 24. Nde5+ Bxe5 25. Nxe5+ Ke6 26. Qxe3 1-0

[Event "GER-ch U25 op-A"]
[Site "Willingen"]
[Date "2015.05.29"]
[Round "8"]
[White "Hoppe, Andreas"]
[Black "Luessmann, Thomas"]
[Result "0-1"]
[WhiteElo "1720"]
[BlackElo "1911"]
[PlyCount "52"]
[EventDate "2015.05.24"]
[EventType "swiss"]
[EventRounds "9"]
[EventCountry "GER"]
[SourceTitle "CBM 166 Extra"]
[Source "ChessBase"]
[SourceDate "2015.06.18"]
[SourceVersion "1"]
[SourceVersionDate "2015.06.18"]
[SourceQuality "1"]

1. d4 Nf6 2. Bf4 c5 3. e3 Nc6 4. Nc3 cxd4 5. exd4 e6 6. Qd2 Bb4 7. Nge2 Nd5 8. Qd3 Nxf4 9. Nxf4 Qf6 10. Nfe2 0-0 11. f3 d5 12. 0-0-0 Bd7 13. g4 a6 14. h4 Bxc3 15. Nxc3 b5 16. Qe3 Qd8 17. g5 Qa5 18. h5 b4 19. Nb1 Qxa2 20. g6 h6 21. gxf7+ Rxf7 22. Rg1 Kf8 23. Bh3 Na5 24. Bf1 Rc8 25. Nd2 Ba4 26. Bd3 Qa1+ 0-1

[Event "GER-ch U25 op-A"]
[Site "Willingen"]
[Date "2015.05.24"]
[Round "2"]
[White "Wenninger, Philipp"]
[Black "Luessmann, Thomas"]
[Result "1-0"]
[WhiteElo "2259"]
[BlackElo "1911"]
[PlyCount "71"]
[EventDate "2015.05.24"]
[EventType "swiss"]
[EventRounds "9"]
[EventCountry "GER"]
[SourceTitle "CBM 166 Extra"]
[Source "ChessBase"]
[SourceDate "2015.06.18"]
[SourceVersion "1"]
[SourceVersionDate "2015.06.18"]
[SourceQuality "1"]

1. d4 d5 2. c4 c6 3. Nf3 Nf6 4. Nc3 e6 5. Bg5 Nbd7 6. e3 Be7 7. Rc1 0-0 8. Bd3 dxc4 9. Bxc4 Nd5 10. Bxe7 Qxe7 11. 0-0 Nxc3 12. Rxc3 e5 13. Bb3 e4 14. Nd2 Nf6 15. Rc5 Bg4 16. Qb1 Nd7 17. Rc3 Be2 18. Rfc1 Bd3 19. Bc2 Bxc2 20. Qxc2 Nf6 21. Rc5 Nd7 22. Rc3 Nf6 23. a3 Nd5 24. Rc5 Rae8 25. b4 a6 26. Qb3 Qh4 27. a4 Re6 28. Nf1 Rh6 29. b5 axb5 30. axb5 Ne7 31. bxc6 bxc6 32. Qb7 f5 33. Re5 Ng6 34. Ra5 f4 35. Ra7 Qf6 36. Rxc6 1-0